| 000 | 00482 a2200169 4500 | ||
|---|---|---|---|
| 003 | OSt | ||
| 005 | 20231223115015.0 | ||
| 008 | 231223b |||||||| |||| 00| 0 eng d | ||
| 020 | _a8170559383 | ||
| 040 | _coclc | ||
| 082 |
_a891.433 _bPAR/S |
||
| 100 |
_aParvaze, Meharunnissa _910204 |
||
| 245 |
_aSAMRANGARH / _cMeharunnisa Parvaze |
||
| 260 |
_aNew Delhi: _bVani Prakashan, _c2006. |
||
| 300 | _a356p | ||
| 942 |
_2ddc _cBK _h891.433 _iPAR/S _k891.433 _mPAR/S |
||
| 999 |
_c43544 _d43544 |
||